Largest Cities Starting With D - Statistics

General Stats
  • This quiz has been taken 67 times
  • The average score is 12 of 20
Answer Stats
Country Population City % Correct
India 34.6M Delhi
98%
United Arab Emirates 3.9M Dubai
97%
Tanzania 8.5M Dar es Salaam
95%
Ireland 1.3M Dublin
95%
Bangladesh 24.6M Dhaka
94%
Senegal 2.4M Dakar
91%
Syria 2.8M Damascus
91%
South Africa 3.3M Durban
91%
United States 1.3M Dallas
81%
South Korea 2.1M Daegu
59%
Cameroon 4.3M Douala
56%
Philippines 2M Davao
50%
China 6.3M Dalian
48%
Indonesia 1M Denpasar
45%
South Korea 1.5M Daejeon
25%
China 7.7M Dongguan
25%
China 1.9M Datong
13%
Indonesia 1.1M Depok
8%
China 2M Dadonghai
0%
India 1.1M Dombivli
0%
No matching quizzes found
Score Distribution
Percent of People with Each Score
Percentile by Number Answered
Your Score History
You have not taken this quiz